The crucible
Saved in:
| Hovedforfatter: | |
|---|---|
| Format: | Bog |
| Sprog: | engelsk |
| Udgivet: |
Nueva York
Bantam Books
1971
|
| Fag: | |
| Tags: |
Tilføj Tag
Ingen Tags, Vær først til at tagge denne postø!
|
MARC
| LEADER | 00000nam a2200000 a 4500 | ||
|---|---|---|---|
| 001 | UCQ3800 | ||
| 003 | CL-VaPUC | ||
| 008 | 980828e19710000US |||||||||||||||||eng|d | ||
| 082 | 0 | 4 | |a 812 |b MIL |2 21 |
| 100 | |a Miller, Arthur |e autor |9 304152 | ||
| 245 | 1 | 4 | |a The crucible |
| 300 | |a 145 p | ||
| 942 | |c BK | ||
| 945 | |d 19980828 00:00:00 |a crobeson | ||
| 260 | |a Nueva York |b Bantam Books |c 1971 | ||
| 650 | 7 | |a DRAMAS ESTADOUNIDENSES |2 CL-VaPUC |9 267218 | |
| 650 | 0 | |a Literatura estadounidense |9 317168 | |
| 583 | |a last modification |c 19980828 00:00:00 |k Rodrigo Vera | ||
| 999 | |c 274313 |d 274311 | ||
| 952 | |0 0 |1 0 |4 0 |6 812_000000000000000_MIL_1971 |7 0 |8 A |9 310455 |a BIBEDU |b BIBEDU |d 2019-11-20 |i 145837K |o 812 MIL 1971 |p 145837K |r 2019-11-20 |w 2019-11-20 |y BK |k LIT | ||
| 952 | |0 0 |1 0 |4 0 |6 812_000000000000000_MIL_1971 |7 0 |8 A |9 310456 |a BIBEDU |b BIBEDU |d 2019-11-20 |i 1458388 |o 812 MIL 1971 |p 1458388 |r 2019-11-20 |w 2019-11-20 |y BK |k LIT | ||
| 952 | |0 0 |1 0 |4 0 |6 812_000000000000000_MIL_1971 |7 0 |8 A |9 310457 |a BIBEDU |b BIBEDU |d 2019-11-20 |i 1458396 |o 812 MIL 1971 |p 1458396 |r 2019-11-20 |w 2019-11-20 |y BK |k LIT | ||
| 952 | |0 0 |1 0 |4 0 |6 812_000000000000000_MIL_1971 |7 0 |8 A |9 310458 |a BIBEDU |b BIBEDU |d 2019-11-20 |i 145840K |o 812 MIL 1971 |p 145840K |r 2019-11-20 |w 2019-11-20 |y BK |k LIT | ||
| 952 | |0 0 |1 0 |4 0 |6 812_000000000000000_MIL_1971 |7 0 |8 A |9 310459 |a BIBEDU |b BIBEDU |d 2019-11-20 |i 1458418 |o 812 MIL 1971 |p 1458418 |r 2019-11-20 |w 2019-11-20 |y BK |k LIT | ||
| 952 | |0 0 |1 0 |4 0 |6 812_000000000000000_MIL_1971 |7 0 |8 A |9 310460 |a BIBEDU |b BIBEDU |d 2019-11-20 |i 1458426 |o 812 MIL 1971 |p 1458426 |r 2019-11-20 |w 2019-11-20 |y BK |k LIT | ||
| 952 | |0 0 |1 0 |4 0 |6 812_000000000000000_MIL_1971 |7 0 |8 A |9 310461 |a BIBEDU |b BIBEDU |d 2019-11-20 |i 352843K |o 812 MIL 1971 |p 352843K |r 2019-11-20 |w 2019-11-20 |y BK |k LIT | ||